000 00491nam a22001697a 4500
003 BD-ChCU
005 20260408111723.0
008 260408b bg ||||| |||| 00| 0 ben d
040 _cBD-ChCU
082 _a510 THB
100 _aThordarson , T.W.
_921386
245 _aBasic Mathematics for high school :
_bthe study of measurement ./
_cT.W. Thordarson .
260 _aBoston :
_bAllyn & Bacon .
_cC 1965.
300 _avii , 316p.
650 0 _aMathematics .
_921389
942 _2ddc
_cBK
_n0
999 _c112154
_d112154